Running Microsoft Internet information server / (Record no. 132952)

MARC details
000 -LEADER
fixed length control field 00775nam a22002417a 4500
005 - DATE AND TIME OF LATEST TRANSACTION
control field 20170124110202.0
010 ## - LIBRARY OF CONGRESS CONTROL NUMBER
LC control number B-041456
020 ## - INTERNATIONAL STANDARD BOOK NUMBER
Terms of availability 595.00
International Standard Book Number 8120317831
035 ## - SYSTEM CONTROL NUMBER
System control number B-041456
037 ## - SOURCE OF ACQUISITION
Source of stock number/acquisition Cen Lib/Ret
040 ## - CATALOGING SOURCE
Original cataloging agency DPL
Language of cataloging EN
082 ## - DEWEY DECIMAL CLASSIFICATION NUMBER
Classification number 005.3754
Item number POW
100 ## - MAIN ENTRY--PERSONAL NAME
Personal name Powell, Matt
9 (RLIN) 36276
245 ## - TITLE STATEMENT
Title Running Microsoft Internet information server /
Statement of responsibility, etc by Matt Powell [and] Leonid Braginski
260 ## - PUBLICATION, DISTRIBUTION, ETC. (IMPRINT)
Place of publication, distribution, etc New Delhi
Name of publisher, distributor, etc Prentice Hall of India
Date of publication, distribution, etc 1998
270 ## - ADDRESS
Address M-97, Connaught Circus
City New Delhi
Postal code 110001
300 ## - PHYSICAL DESCRIPTION
Extent xvi,739p. :
Dimensions 24cm(Hb)
Other physical details ill.
500 ## - GENERAL NOTE
General note Includes index <br/>
650 ## - SUBJECT ADDED ENTRY--TOPICAL TERM
Topical term or geographic name as entry element Web servers
9 (RLIN) 36277
650 ## - SUBJECT ADDED ENTRY--TOPICAL TERM
Topical term or geographic name as entry element Internet -- Computer programs
9 (RLIN) 36278
700 ## - ADDED ENTRY--PERSONAL NAME
Personal name Braginski, Leonid
9 (RLIN) 36279
942 ## - ADDED ENTRY ELEMENTS (KOHA)
Source of classification or shelving scheme Dewey Decimal Classification
Koha item type English Books
Classification part 005.3754
Call number suffix POW
Holdings
Withdrawn status Lost status Damaged status Not for loan Home library Current library Date acquired Source of acquisition Cost, normal purchase price Total Checkouts Full call number Barcode Date last seen Copy number Cost, replacement price Price effective from Koha item type
        Central Library Central Library 24/07/2015 Cen Lib/Ret 595.00   005.3754 POW B-041456 24/07/2015 1 595.00 24/07/2015 English Books

© Delhi Public Library
Hit Counter
free hit counter